Super study skills : the ultimate guide to tests and studying (Record no. 26443)

000 -LEADER
fixed length control field 00369nam a2200133Ia 4500
008 - FIXED-LENGTH DATA ELEMENTS--GENERAL INFORMATION
fixed length control field 230413s9999||||xx |||||||||||||| ||und||
020 ## - INTERNATIONAL STANDARD BOOK NUMBER
International Standard Book Number 9780439216074
082 ## - DEWEY DECIMAL CLASSIFICATION NUMBER
Classification number 371.30281
Item number R8931
100 ## - MAIN ENTRY--PERSONAL NAME
Personal name Rozakis, Laurie
245 #0 - TITLE STATEMENT
Title Super study skills : the ultimate guide to tests and studying
260 ## - PUBLICATION, DISTRIBUTION, ETC. (IMPRINT)
Place of publication, distribution, etc Delhi
Name of publisher, distributor, etc Scholastic Inc.
Date of publication, distribution, etc 2007
300 ## - PHYSICAL DESCRIPTION
Extent 128 p.
942 ## - ADDED ENTRY ELEMENTS (KOHA)
Item type Books
Holdings
Withdrawn status Lost status Damaged status Not for loan Permanent location Current location Date acquired Source of acquisition Total Checkouts Total Renewals Full call number Barcode Date last seen Date last borrowed Koha item type
        IMU Kolkata IMU Kolkata 2023-04-13 Gifted by Shailendra S Kathait (6049) 1 2 371.30281 R8931 G00708 2025-01-30 2024-12-16 Books
Designed and Maintained by IMU-KC Library, Kolkata Campus © Copyright All Rights Reserved

webs counters

Powered by Koha